| 000 | 01033pam a2200337 a 4500 | ||
|---|---|---|---|
| 001 | 2014467 | ||
| 003 | OSt | ||
| 005 | 20170518103041.0 | ||
| 008 | 910430s1991 moua b 001 0 eng c | ||
| 010 | _a 91019569 | ||
| 020 | _a0801634385 | ||
| 040 |
_aMMu _cMMU _dMMu _beng |
||
| 050 | 0 | 0 |
_aRD753 _b.M69 1991 |
| 060 | _aWY 157.6 M929o | ||
| 082 | 0 | 0 |
_a610.73/677 _220 |
| 100 | 1 | _aMourad, Leona A. | |
| 245 | 1 | 0 |
_aOrthopedic disorders / _cLeona A. Mourad. |
| 260 |
_aSt. Louis : _bMosby Year Book, _cc1991. |
||
| 300 |
_a308 p. : _bill. (some col.) ; _c29 cm. |
||
| 440 | 0 | _aMosby's clinical nursing series | |
| 504 | _aIncludes bibliographical references (p. 298-300) and index. | ||
| 650 | 0 | _aOrthopedic nursing. | |
| 650 | 0 | _aOrthopedics. | |
| 650 | 0 |
_aBones _xDiseases. |
|
| 650 | 2 |
_aBone Diseases _xnursing. |
|
| 650 | 2 |
_aMuscular Diseases _xnursing. |
|
| 650 | 2 |
_aOrthopedics _xnursing. |
|
| 906 |
_a7 _bcbc _corignew _d1 _eocip _f19 _gy-gencatlg |
||
| 942 |
_2lcc _cLOAN LOAN |
||
| 999 |
_c23841 _d23841 |
||